| 000 | 00000nam 2200000zi 4500 |
| 001 | 9.924755 |
| 003 | CaOODSP |
| 005 | 20240228085823 |
| 006 | m o d f |
| 007 | cr mn||||||||| |
| 008 | 230705s2023 onca o f000 0 eng d |
| 040 | |aCaOODSP|beng|erda|cCaOODSP |
| 043 | |an-cn--- |
| 086 | 1 |aRv4-171/2023E-PDF |
| 245 | 00|aNew to Canada? : |bthe CRA can help. |
| 264 | 1|a[Ottawa] : |bCanada Revenue Agency = Agence du revenue du Canada, |c[2023] |
| 300 | |a1 online resource (2 unnumbered pages) : |bcolour illustrations |
| 336 | |atext|btxt|2rdacontent |
| 337 | |acomputer|bc|2rdamedia |
| 338 | |aonline resource|bcr|2rdacarrier |
| 500 | |aIssued also in French under title: Vous venez d'arriver au Canada? L'ARC peut vous aider. |
| 500 | |a"RC629-211 (E) Rev. 23." |
| 546 | |aTexte en ukrainien. |
| 610 | 20|aCanada Revenue Agency|xCustomer services. |
| 650 | 0|aImmigrants|xTaxation|zCanada. |
| 650 | 0|aImmigrants|xServices for|zCanada. |
| 650 | 0|aFamily allowances|zCanada. |
| 650 | 0|aTax credits|zCanada. |
| 650 | 0|aTax returns|zCanada. |
| 710 | 2 |aCanada Revenue Agency, |eissuing body. |
| 775 | 08|tVous venez d'arriver au Canada? : |w(CaOODSP)9.925431 |
| 775 | 08|t¿Recién llegado a Canadá? : |w(CaOODSP)9.929029 |
| 775 | 08|t[New to Canada? : |w(CaOODSP)9.929038 |
| 775 | 08|t[New to Canada? : |w(CaOODSP)9.929047 |
| 775 | 08|t[New to Canada? : |w(CaOODSP)9.929107 |
| 775 | 08|t[New to Canada? : |w(CaOODSP)9.929110 |
| 775 | 08|t[New to Canada? : |w(CaOODSP)9.929119 |
| 775 | 08|t[New to Canada? : |w(CaOODSP)9.929123 |
| 775 | 08|t[New to Canada? : |w(CaOODSP)9.929133 |
| 794 | |tNew to Canada? : |b2024|w(CaOODSP)9.930399 |
| 856 | 40|qPDF|s165 KB|uhttps://publications.gc.ca/collections/collection_2023/arc-cra/Rv4-171-2023-eng.pdf |